İslâm düşüncesinin teşekkül devri / (Record no. 13710)

MARC details
000 -BAŞLIK
Sabit Uzunlukta Kontrol Alanı 00840nam a2200253 4500
999 ## - SİSTEM KONTROL NUMARALARI (KOHA)
Koha Biblionumber 13710
Koha Biblioitemnumber 13710
003 - KONTROL NUMARASI IDENTIFIER
Denetim Alanı MIRAKIL
005 - SON İŞLEM TARİHİ VE ZAMANI
Denetim Alanı 20200115132855.0
008 - SABİT-BOY VERİ ELEMANLARI - GENEL BİLGİLER
Sabit Uzunlukta Kontrol Alanı 200115b tu ||||| |||| 00| 0 tur d
020 ## - ULUSLARARASI STANDART KİTAP NUMARASI
Uluslararası Standart Kitap Numarası 9786056154355
040 ## - KATALOGLAMA KAYNAK
Orijinal Kataloglama Ajansı TR-AnCHP
Metne Dönüştürmek Ajansı TR-AnCHP
041 ## - DİL KODU
Metin / Ses Parça Veya Ayrı Başlığın Dil Kodu tur
082 ## - DEWEY ONLU SINIFLANDIRMA NUMARASI
Sınıflandırma Numarası 297.01
Ürün Numarası W27i 2010
100 ## - ANA GİRİŞ - KİŞİSEL İSİM
Kişisel Ad Watt, William Montgomery
245 10 - BAŞLIK TABLOSU
Başlık İslâm düşüncesinin teşekkül devri /
Sorumluluk Tablosu, Vb W. Montgomery Watt ; çeviren: Ethem Ruhi Fığlalı.
250 ## - EDITION TABLOSU
Baskı Beyanı gzdn gçrl. 3 bs.
260 ## - YAYIN, DAĞITIM, VB
Yayın, Dağıtım, Vb Yeri Ankara :
Yayıncı, Dağıtıcı, Vs Adı Sarkaç Yayınları,
Yayın, Dağıtım, Vb Tarihi 2010.
300 ## - FİZİKSEL TANIM
Kapsam xxvııı, 452 s.:
Boyutlar 23 sm.
500 ## - GENEL NOT
Genel Not Özgün yapıt adı:The formative period of İslamic thought.
504 ## - KAYNAKÇA VB NOT
Kaynakça Vb Notu Bibliyografik bilgi içerir.
-- Dizin vardır.
650 #0 - KONU KATMA GİRİŞ - TOPİKAL DÖNEM
9 (RLIN) 6204
Topikal Süreli Veya Coğrafi Ad Giriş Elemanı İslam felsefesi
700 ## - KATMA GİRİŞ - KİŞİSEL İSİM
9 (RLIN) 6205
Kişisel Ad Fığlalı, Ethem Ruhi
Relator Terim çev.
942 ## - EKLENDİ GİRİŞ ELEMANLARI (KOHA)
Sınıflandırma Veya Raf Düzeni Kaynak Dewey Decimal Classification
Koha Öğesi Türü Books
999 ## - SİSTEM KONTROL NUMARALARI (KOHA)
Koha Biblioitemnumber 13710
Holdings
Kalıcı Konum Mevcut Konum Edinme Tarihi Toplam Check-Out'Lar Tam Çağrı Numarası Barkod Tarih Son Görülme İtibaren Geçerli Fiyatlar Koha Öğesi Türü
CHP Kütüphanesi CHP Kütüphanesi 01/15/2020   297.01 W27i 2010 013490 01/15/2020 01/15/2020 Books